| 000 | 00661cam a2200217 a 4500 | ||
|---|---|---|---|
| 001 | 3471936 | ||
| 005 | 20250312194253.0 | ||
| 008 | 940818s1995 wiua b 001 0 eng | ||
| 020 | _a0697145042 (pbk.) | ||
| 020 | _a0697145034 (cloth) | ||
| 050 | 0 | 0 |
_aBF713 _b.S26 1995 |
| 082 | 0 | 0 |
_a155 _220 |
| 100 | 1 | _aSantrock, John W. | |
| 245 | 1 | 0 |
_aLife-span development / _cJohn W. Santrock. |
| 250 | _a5th ed. | ||
| 260 |
_aMadison, Wis. : _bWCB Brown & Benchmark Publishers, _cc1995. |
||
| 300 |
_a1 v. (various pagings) : _bill. (some col.) ; _c28 cm. |
||
| 500 | _aIncludes Subject Index | ||
| 650 | 0 |
_aDevelopmental psychology _vTextbooks. |
|
| 942 |
_2lcc _cBK _n0 |
||
| 999 |
_c4721 _d4721 |
||